| 000 | 00460nam a2200157Ia 4500 | ||
|---|---|---|---|
| 003 | Ost | ||
| 005 | 20260303110353.0 | ||
| 008 | 260303s9999||||xx |||||||||||||| ||und|| | ||
| 040 | _cfsic | ||
| 041 | _aara | ||
| 082 | _a 956.92 | ||
| 100 |
_aفركوس صالح _eمؤلف |
||
| 245 | 0 |
_aالحاج احمد باي قسنطينة(1826-1850) / _cفركوس صالح |
|
| 260 |
_a[دون مكان] : _b[دون ناشر] ، _c[دون تاريخ] |
||
| 942 | _cكتاب | ||
| 999 |
_c37431 _d37431 |
||